Derechos Humanos, Garanta̕s y Amparo

Detalles Bibliográficos
Autor principal: del Castillo del Valle, Alberto
Formato: eBook
Lenguaje:español
Publicado: Mx̌ico D.F.: Ediciones Jurd̕icas Alma, 2013
Materias:
Acceso en línea:Acceso restringido

MARC

LEADER 00000nam a22000007a 4500
005 20131029161235.0
007 cr|||| ||||
008 131029s2013 mx |||||s|||| 00||0 spa d
020 |a 978-607-7684-16-9 
035 |a 11574 
040 |a vLex 
090 |c 4558  |d 4558 
100 1 |a del Castillo del Valle, Alberto  
245 1 0 |a Derechos Humanos, Garanta̕s y Amparo  |h [Recurso electrn̤ico] 
256 |a Servicio en ln̕ea 
260 |a Mx̌ico D.F.:  |b Ediciones Jurd̕icas Alma,  |c 2013 
300 |a 1 recurso electrn̤ico 
506 1 |a Contenido solo disponible en los productos indicados  |d vLex Global  |d vLex Global (Academic Edition, excluding Law Schools)  |d vLex Global (U.S. Academic Edition, Law Schools)  |d vLex Global (U.S. Academic Edition, excluding Law Schools)  |d vLex Global (Academic Edition, Law Schools) 
650 0 4 |a Derechos humanos  |z Mx̌ico 
740 0 |a vLex Libros (servicio en ln̕ea) 
856 4 0 |u http://vlex.com/source/derechos-humanos-garantias-amparo-11574  |z Acceso restringido 
942 |c BOOK 
999 0 |a Human rights